| 000 | 00409pab a2200145 454500 | ||
|---|---|---|---|
| 008 | 180718b2005 xxu||||| |||| 00| 0 eng d | ||
| 100 | _aSingh, Daljit | ||
| 245 | _aOpen access in electricity distribution: assessing the financial impact on utilities | ||
| 260 | _c2005 | ||
| 300 | _ap.4062-067. | ||
| 362 | _a10 Sep | ||
| 650 | _aPower industry | ||
| 773 | _aEconomic and Political Weekly | ||
| 909 | _a66956 | ||
| 999 |
_c66956 _d66956 |
||